000 00458nam a2200193Ia 4500
005 20250603145136.0
008 250603s9999 xx 000 0 und d
020 _a9789780324605
050 _aP 96 .I5 E34/
100 _aNnamdi T. Ekeanyanwu
245 0 _aInternational communications
250 _a3rd ed
260 _aIbadan
260 _bStirling-Horden Publishing Ltd.
260 _c2005
300 _a220 p
650 _aIbadan
942 _cBK
999 _c40999
_d40999